Ekonomická analýza služieb a cestovného ruchu v povodí Dunaja a Váhu zborník príspevkov k riešenej výskumnej úlohe - 2. časť
Salvato in:
| Ente Autore: | |
|---|---|
| Natura: | Libro |
| Lingua: | slovacco |
| Pubblicazione: |
Bratislava
Vydavateľstvo EKONÓM
1998
|
| Soggetti: | |
| Tags: |
Nessun Tag, puoi essere il primo ad aggiungerne!!
|
MARC
| LEADER | 00000nam$a2200000$$$4500 | ||
|---|---|---|---|
| 001 | 0007065 | ||
| 005 | 20240104091215.8 | ||
| 020 | |a 80-225-1090-4 | ||
| 041 | 0 | |a slo | |
| 044 | |a SK | ||
| 245 | 1 | 0 | |a Ekonomická analýza služieb a cestovného ruchu v povodí Dunaja a Váhu |b zborník príspevkov k riešenej výskumnej úlohe - 2. časť |
| 264 | 1 | |a Bratislava |b Vydavateľstvo EKONÓM |c 1998 | |
| 300 | |a 107 s. | ||
| 610 | 2 | 0 | |a ruch cestovný |
| 610 | 2 | 0 | |a služby |
| 610 | 2 | 0 | |a kapacita ubytovacia |
| 610 | 2 | 0 | |a ubytovanie |
| 610 | 2 | 0 | |a pohostinstvo |
| 610 | 2 | 0 | |a ruch cestovný domáci |
| 610 | 2 | 0 | |a manažment |
| 610 | 2 | 0 | |a zdroje ľudské |
| 610 | 2 | 0 | |a podnik ruchu cestovného |
| 710 | 2 | |a Obchodná fakulta EU. Katedra služieb a cestovného ruchu - zrušené | |